Family homes shortage (Record no. 77951)
[ view plain ]
| 000 -LEADER | |
|---|---|
| fixed length control field | 01251cab a2200241 4500 |
| 001 - CONTROL NUMBER | |
| control field | ##L135589 |
| 008 - FIXED-LENGTH DATA ELEMENTS--GENERAL INFORMATION | |
| fixed length control field | 061113n2006 000 0 eng u |
| 035 ## - SYSTEM CONTROL NUMBER | |
| System control number | (Sirsi) u135589 |
| 041 0# - LANGUAGE CODE | |
| Language code of text/sound track or separate title | eng |
| 100 1# - MAIN ENTRY--PERSONAL NAME | |
| Personal name | Carr, Steve |
| 245 00 - TITLE STATEMENT | |
| Title | Family homes shortage |
| 260 ## - PUBLICATION, DISTRIBUTION, ETC. | |
| Date of publication, distribution, etc. | 2006 |
| 490 #0 - SERIES STATEMENT | |
| Series statement | HouseBuilder |
| Volume/sequential designation | 65(9) October 2006, 21-29(7) |
| 520 ## - SUMMARY, ETC. | |
| Summary, etc. | Group of articles covering aspects of the family homes shortage. "Density crisis" asks whether increased housing densities are impacting on the supply of decent-sized family housing. "A family affair" reports on the growing debate about density, apartments oversupply and whether families want to live in cities. "City living" showcases PRP Architects' challenge to its staff to come up with new high density housing designs for urban families. "Innovation is the key" argues that high density housing is suitable for the modern English family but a flexible approach to it must be taken and design must be innovative. |
| 590 ## - LOCAL NOTE (RLIN) | |
| Local note | IKA141106, KA |
| 650 24 - SUBJECT ADDED ENTRY--TOPICAL TERM | |
| Topical term or geographic name entry element | Affordable housing |
| 9 (RLIN) | 6215 |
| 651 #4 - SUBJECT ADDED ENTRY--GEOGRAPHIC NAME | |
| Geographic name | GREAT BRITAIN |
| 690 ## - LOCAL SUBJECT ADDED ENTRY--TOPICAL TERM (OCLC, RLIN) | |
| Topical term or geographic name as entry element | PROPERTY-RESIDENTIAL PROPERTY-RESIDENTIAL PROPERTY DEVELOPMENT |
| 700 1# - ADDED ENTRY--PERSONAL NAME | |
| Personal name | Heller, Allison |
| 700 1# - ADDED ENTRY--PERSONAL NAME | |
| Personal name | Munday, Barry |
| 700 1# - ADDED ENTRY--PERSONAL NAME | |
| Personal name | Locke, Greg |
| 942 ## - ADDED ENTRY ELEMENTS (KOHA) | |
| Suppress in OPAC | 0 |
| Withdrawn status | Lost status | Source of classification or shelving scheme | Damaged status | Not for loan | Home library | Current library | Shelving location | Date acquired | Total Checkouts | Full call number | Barcode | Date last seen | Copy number | Price effective from | Koha item type |
|---|---|---|---|---|---|---|---|---|---|---|---|---|---|---|---|
| Dewey Decimal Classification | London | London | Journal article | 13/11/2006 | L135589 | 135589-1001 | 06/08/2019 | 1 | 06/08/2019 | Journal article |